000 00398nam a2200169Ia 4500
003 OSt
005 20240228163538.0
008 170619s9999 xx 000 0 und d
020 _a9788120326453
040 _cIIMT ENGINEERING COLLEGE
100 _aNarang Rajesh
245 0 _aDatabase Manegement Systems
260 _bNew Delhi: PHI
260 _c2004
546 _aENGLISH
942 _2ddc
_c01
999 _c17761
_d17761